| 000 | 00964nam a22003137a 4500 | ||
|---|---|---|---|
| 003 | CHAP | ||
| 005 | 20220817041248.0 | ||
| 008 | 971013s1992 r 00010 d | ||
| 010 | _a9832 | ||
| 011 | _a10804 | ||
| 035 | _a10042 | ||
| 040 | _cCHAP | ||
| 090 | _aFolleto 14219 | ||
| 100 | 0 | 0 |
_aThakur, R. P. _9112598 |
| 245 | _aIdentification and utilization of smut resistance in pearl millet | ||
| 260 |
_aPatancheru : _bICRISAT, _c1992 |
||
| 300 | _a33 p. | ||
| 490 |
_aResearch bulletin _v; 16 |
||
| 590 |
_aBATCH-UPD _b10 _c20130110 _lUCH01 _h2211 |
||
| 590 |
_aCONVERSION _b10 _c20130109 _lUCH01 _h1306 |
||
| 650 | 1 | 4 |
_aMijo _xEnfermedades. _975646 |
| 650 | 1 | 4 |
_aMijo _xGermoplasma. _975650 |
| 650 | 1 | 4 | _aTolyposporium penicillariae. |
| 710 | 0 | _aInternational Crops Research Institute for the Semi-Arid Tropics. | |
| 830 | 0 |
_aResearch bulletin _v; 16 _996062 |
|
| 901 | _aBK | ||
| 942 | _cFOLL | ||
| 949 |
_aFolleto 14219 _bBC _cFOLL _d-21408 _eTS1 _i10042 _si |
||
| 999 |
_c9832 _d9832 |
||